000 00252nam a22001217a 4500
082 _a894.818
_bBEE/A
245 _aAMMAMAR ARIYATHATH
260 _aCALICUT
_bPIANO PUBLICATIONS
_c2011
300 _a112
520 _aSTORY
650 _aSTORY
942 _cBK
999 _c4752
_d4752